Sklep na M - Statystyki

Ogólne statystyki
  • Ten quiz został rozwiązany 69 razy
  • Średni wynik to 3 z 9
Statystyki odpowiedzi
Odpowiedź % Poprawnych
Media markt
58%
Media Expert
52%
Makro
48%
Mohito
44%
Mrówka
33%
Mila
27%
Martes sport
21%
Modivo
15%
Monopolowy
6%
Nie znaleziono quizów pasujących do podanych kryteriów
Rozkład punktacji
Procent ludzi z każdym wynikiem
Percentyl według liczby udzielonych odpowiedzi
Twoja historia wyników
Nie rozwiązałeś tego quizu